000 00348 a2200169 4500
001 184971
020 _a85-16-02226-9
040 _cMagnum
100 _aBandeira, Pedro
240 1 0 _aA pequena bruxa
_lpor
245 1 0 _aA pequena bruxa
300 _a48
362 0 _a1998
440 1 _aModerna
697 _aLITERATURA INFANTO
942 _cBK
999 _c184971
_d184971